000 00867nam a22002777a 4500
001 BR9300649
003 BR-BrBNA
005 20230928093829.0
007 ta
008 230509b bl.||||| |||| 00| 0 por d
040 _aBR-BrBNA
_bpor
_cBiblioteca Nacional de Agricultura
041 _a(Por)
072 _aF01; E16
_b1410
090 _ 1410 BR9300649
110 1 _aCoordenadoria de Pesquisa Agropecuaria, Sao Paulo, SP (Brasil)
_92987
245 1 _aAnalises de sistemas de cultivo alternativos para a cultura de feijao em Capao Bonito, Estado de Sao Paulo
_bn. 4
260 3 _aSao Paulo, SP (Brasil):
_c1987.
300 _a84 p.
500 _aSummary (Por); 9 ref.; 18 tables; 6 illus.
650 _aFeijao
650 _aSistema de Cultivo
650 _aAnalise Economica
650 _aSao Paulo
909 _a202309
_bLucia
_c55
_dLucia Elande
942 _cBK
999 _c47364
_d47364